عرض عادي عرض مارك
  • Gambosi, G.

مدخل إسم شخص

عدد التسجيلات المستخدمة في: 1

001 - رقم الضبط

  • حقل الضبط: 8813

003 - معرف رقم الضبط

  • حقل الضبط: OSt

005 - تاريخ ووقت أخر عملية

  • حقل الضبط: 20111220193102.0

008 - عناصر بيانات ثابتة الطول

  • حقل تحكم ثابت الطول: 111220|||a|||||| | ||| d

040 ## - مصدر الفهرسة

  • هيئة الفهرسة الأصلية: OSt
  • وكالة الكتابة: OSt

100 ## - مدخل -- أسم شخص

  • إسم شخص: Gambosi, G.
  • الشكل الكامل للاسم: (Giorgio),
  • تواريخ مرتبطة بالاسم: 1955-

670 ## - بيانات المصدر موجوده

  • الاستشهاد بالمصدر: Work cat.: (OSt)3609: Italian Conference on Algorithms and Complexity (4th : 2000 : Rome, Italy) 8808, Algorithms and complexity :, c2000.